Trendy automatizace projekčních a konstrukčních prací /

Na minha lista:
Detalhes bibliográficos
Autor principal: Stiebitz, Richard (Author)
Formato: Livro
Publicado em: Praha : UVTEI, 1988
Tags: Adicionar Tag
Sem tags, seja o primeiro a adicionar uma tag!

MARC

LEADER 00000nam a22000003a 4500
001 stu48593
005 20150617225708.7
008 ------s1988----cs----------------------d
040 |a STU  |b slo 
041 0
044 |a cs 
080 |a 681.3.066 
080 |a 621.002.2  |7 stu_us_auth*stu3123 
100 1 |a Stiebitz, Richard  |4 aut 
245 1 |a Trendy automatizace projekčních a konstrukčních prací /  |c [aut.] Stiebitz,Richard 
260 |a Praha :  |b UVTEI,  |c 1988 
300 |a 50 s 
996 |b J83833  |c J*83833/K 6  |l JJK6  |s P  |a 0  |w stu48593_0001